WTA Title Winners of 2024 - Statistics

General Stats
  • This quiz has been taken 79 times
  • The average score is 28 of 58
Answer Stats
Level Tournament Player/Team % Correct
Grand Slam Australian Open Aryna Sabalenka
88%
Grand Slam Roland Garros Iga Świątek
86%
Grand Slam US Open Aryna Sabalenka
81%
WTA 1000 Madrid Iga Świątek
80%
Grand Slam Wimbledon Barbora Krejčíková
78%
WTA 1000 Rome Iga Świątek
76%
Finals WTA Finals Coco Gauff
75%
WTA 1000 Doha Iga Świątek
75%
WTA 1000 Cincinnati Aryna Sabalenka
71%
Team Event United Cup Germany
71%
WTA 1000 Toronto Jessica Pegula
71%
Olympics Paris Qinwen Zheng
71%
WTA 1000 Beijing Coco Gauff
69%
WTA 1000 Miami Danielle Collins
69%
WTA 250 Indian Wells Iga Świątek
69%
WTA 1000 Dubai Jasmine Paolini
69%
WTA 1000 Wuhan Aryna Sabalenka
68%
WTA 500 Brisbane Elena Rybakina
68%
WTA 500 Stuttgart Elena Rybakina
68%
WTA 250 Auckland Coco Gauff
64%
WTA 500 Abu Dhabi Elena Rybakina
64%
Team Event Billie Jean King Cup Italy
61%
WTA 500 Charleston Danielle Collins
58%
WTA 500 Berlin Jessica Pegula
58%
WTA 250 Palermo Qinwen Zheng
54%
WTA 500 Linz Jeļena Ostapenko
47%
WTA 500 Washington D.C. Paula Badosa
47%
WTA 250 Bogota Camila Osorio
46%
WTA 500 Adelaide Jeļena Ostapenko
44%
WTA 500 Guadalajara Magdalena Fręch
44%
WTA 500 Eastbourne Daria Kasatkina
42%
WTA 250 Hobart Emma Navarro
39%
WTA 250 Nottingham Katie Boulter
39%
WTA 250 Iași Mirra Andreeva
37%
WTA 500 Bad Homburg Diana Shnaider
36%
WTA 500 San Diego Katie Boulter
36%
WTA 500 Strasbourg Madison Keys
36%
WTA 250 Rouen Sloane Stephens
36%
WTA 250 Prague Magda Linette
34%
WTA 500 Ningbo Daria Kasatkina
31%
WTA 250 Hua Hin Diana Shnaider
29%
WTA 250 Cluj-Napoca Karolína Plíšková
29%
WTA 500 Tokyo Qinwen Zheng
29%
WTA 500 Monterrey Linda Noskova
27%
WTA 500 Seoul Beatriz Haddad Maia
25%
WTA 250 Hong Kong Diana Shnaider
25%
WTA 250 Austin Yue Yuan
25%
WTA 250 Budapest Diana Shnaider
24%
WTA 250 Cleveland McCartney Kessler
24%
WTA 250 Hua Hin 2 Rebecca Šramková
24%
WTA 250 Rabat Peyton Stearns
22%
WTA 250 s'Hertogenbosch Liudmila Samsonova
20%
WTA 250 Monastir Sonay Kartal
20%
WTA 250 Mérida Zeynep Sönmez
20%
WTA 250 Birmingham Yulia Putintseva
17%
WTA 250 Jiujiang Viktorija Golubic
15%
WTA 250 Guangzhou Olga Danilović
14%
WTA 250 Osaka Suzan Lamens
14%
No matching quizzes found
Score Distribution
Percent of People with Each Score
Percentile by Number Answered
Your Score History
You have not taken this quiz